书目信息 |
| 题名: |
市场营销环境
|
|
| 作者: | 欧德罗伊德, , Oldroyd, 著 ;杨琳 译 | |
| 分册: | ||
| 出版信息: | 北京 经济出版社 2005.4 |
|
| 页数: | 426页 | |
| 开本: | 26cm | |
| 丛书名: | 英国皇家特许市场营销师资格认证系列教材 | |
| 单 册: | ||
| 中图分类: | F274-43 | |
| 科图分类: | ||
| 主题词: | 市场营销--shi chang ying xiao , 企业管理--qi ye guan li , 企业管理--qi ye guan li--市场营销 , 企业经济 | |
| 电子资源: | ||
| ISBN: | 7-80162-977-9 | |
| 000 | 01350oam2 2200313 450 | |
| 001 | CAL 012006036670 | |
| 005 | 20061114091402.95 | |
| 010 | @a7-80162-977-9@dCNY48.00 | |
| 100 | @a20050606d2005 em y0chiy0121 ea | |
| 101 | 1 | @achi@ceng |
| 102 | @aCN@b110000 | |
| 105 | @af z 000yy | |
| 200 | 1 | @a市场营销环境@Ashi chang ying xiao huan jing@d= Marketing environment@f(英)迈克·欧德罗伊德[Mike Oldroyd]著@g杨琳译@zeng |
| 210 | @a北京@c经济出版社@d2005.4 | |
| 215 | @a426页@c图@d26cm | |
| 225 | 2 | @a英国皇家特许市场营销师资格认证系列教材@Aying guo huang jia te xu shi chang ying xiao shi zi ge ren zheng xi lie jiao cai@iCIM认证教材@d= CIM coursebook@f沈志渔主编@zeng |
| 330 | @a本书通过具体的例子说明了如何把课程大纲里的“学习”要素转化成积极的市场营销实践, 并对市场外部环境因素的影响力及其对市场推广进行了重点的讲述。 | |
| 410 | 0 | @12001 @a英国皇家特许市场营销师资格认证系列教材@iCIM认证教材 |
| 510 | 1 | @aMarketing environment@zeng |
| 606 | 0 | @a市场营销@Ashi chang ying xiao |
| 606 | 0 | @a企业管理@Aqi ye guan li |
| 606 | 0 | @a企业管理@Aqi ye guan li@x市场营销 |
| 606 | 0 | @a企业经济 |
| 690 | @aF274-43@v4 | |
| 701 | 1 | @c(英)@a欧德罗伊德,@Aou de luo yi de@bM.@g(Oldroyd, Mike)@4著 |
| 701 | 1 | @c(英)@aOldroyd,@bM.@g(Oldroyd, Mike)@4著 |
| 702 | 0 | @a杨琳@Ayang lin@4译 |
| 801 | 0 | @aCN@c20061114 |
| 905 | @a10447@dF274-43@eO190 | |
| 市场营销环境= Marketing environment/(英)迈克·欧德罗伊德[Mike Oldroyd]著/杨琳译.-北京:经济出版社,2005.4 |
| 426页:图;26cm.-(英国皇家特许市场营销师资格认证系列教材.CIM认证教材= CIM coursebook/沈志渔主编) |
| ISBN 7-80162-977-9:CNY48.00 |
| 本书通过具体的例子说明了如何把课程大纲里的“学习”要素转化成积极的市场营销实践, 并对市场外部环境因素的影响力及其对市场推广进行了重点的讲述。 |
| ● |
| 相关链接 |
|
|
|
正题名:市场营销环境
索取号:F274-43/O190
 
预约/预借
| 序号 | 登录号 | 条形码 | 馆藏地/架位号 | 状态 | 备注 |
| 1 | 636951 | 206369516 | 社科库409/409社科库 94排1列5层/ [索取号:F274-43/O190] | 在馆 | |
| 2 | 636952 | 206369525 | 社科库409/409社科库 94排1列5层/ [索取号:F274-43/O190] | 在馆 | |
| 3 | 636953 | 206369534 | 社科库409/409社科库 94排1列5层/ [索取号:F274-43/O190] | 在馆 |